Religion Quiz

Random Religion or Song Quiz

Guess the Lyrics - Praise song - 10 Quiz Stats

 Plays Quiz not verified by Sporcle

Score 0/168 Timer 08:00
0 Plays Today
Lyrics % Correct
I
97%
I
97%
I
97%
I
97%
I
97%
I
97%
I
97%
I
97%
I
97%
I
97%
the
96%
The
96%
and
96%
the
96%
a
96%
and
96%
the
96%
and
96%
the
96%
and
96%
The
96%
and
96%
And
96%
the
96%
love
81%
You
80%
You
80%
You
80%
You
80%
You
80%
You.
80%
you
80%
You
80%
Jesus
79%
Jesus
79%
my
78%
my
78%
my
78%
my
78%
my
78%
my
78%
my
78%
my
78%
to
77%
to
77%
to
77%
to
77%
to
77%
in
73%
Lord,
73%
be
73%
in
73%
be
73%
in
73%
is
71%
is
71%
Lyrics % Correct
is
71%
is
71%
is
71%
for
71%
is
71%
me
64%
Your
64%
me
64%
me
64%
me
64%
Your
64%
me.
64%
will
62%
All
57%
all
57%
All
57%
all
57%
so
56%
have
54%
have
54%
no
52%
sin
51%
Christ.
49%
Christ
49%
that
48%
that
48%
was
47%
if
45%
life
43%
life.
43%
life
43%
life.
43%
cross,
43%
from
42%
not
41%
would
38%
would
38%
would
38%
know
38%
had
37%
had
37%
had
37%
come
34%
as
33%
But
32%
could
32%
grace.
32%
hope
30%
now
29%
Now,
29%
live
29%
see.
29%
Father,
29%
only
29%
lost
28%
way.
28%
Lyrics % Correct
way
28%
once
27%
Oh
27%
Yours
26%
never
26%
loved
22%
knew
19%
joy
18%
place,
18%
first
17%
alone
17%
might
17%
any
17%
let
17%
song
17%
night
16%
yet
16%
grave.
16%
hell
16%
led
15%
led
15%
forever
15%
own
14%
use
14%
darkest
13%
upon
13%
strength
13%
follow
13%
thought
12%
bound
12%
Hallelujah!
12%
Hallelujah!
12%
Hallelujah!
12%
Hallelujah!
12%
rebel
10%
still.
10%
bore
10%
ran
9%
race
9%
commands
9%
boast
9%
God's
9%
wrath
9%
cost,
8%
looked
8%
reserved
8%
refuse
7%
helpless
7%
state
7%
suffered
7%
displayed
7%
promised
6%
indifferent
6%
choose
6%
ransomed
5%
beheld
5%

You're not logged in!

Compare scores with friends on all Sporcle quizzes.
OR
Log In

Show Comments

Extras

Created Oct 18, 2010SourceReportNominate
Tags:Song Quiz

Top Quizzes Today


Score Distribution

Your Account Isn't Verified!

In order to create a playlist on Sporcle, you need to verify the email address you used during registration. Go to your Sporcle Settings to finish the process.

Report this User

Report this user for behavior that violates our Community Guidelines.

Details: